000
00294nam a22001337a 4500
003
SGT
020
_a
978-81-8704-028-0
082
_a
641
_b
BAG
100
_a
BAGCHI, S.N.
245
_a
TB. OF FOOD AND BEVERAGE SERVICE
260
_a
DELHI
_b
AMAN PUB.
_c
2004
300
_a
531
942
_2
ddc
_c
BK
999
_c
21086
_d
21086